| 000 | 01310nam a22002894a 4500 | ||
|---|---|---|---|
| 001 | ebr10032447 | ||
| 003 | CaPaEBR | ||
| 006 | m u | ||
| 007 | cr cn||||||||| | ||
| 008 | 001107s2001 dcua sb 001 0 eng | ||
| 010 | _z 00065369 | ||
| 020 | _z0309071372 | ||
| 040 |
_aCaPaEBR _cCaPaEBR |
||
| 035 | _a(OCoLC)53301289 | ||
| 050 | 1 | 4 |
_aRA643.83 _b.N6 2001eb |
| 082 | 0 | 4 |
_a362.1/969792/00973 _221 |
| 245 | 0 | 0 |
_aNo time to lose _h[electronic resource] : _bgetting more from HIV prevention / _cCommittee on HIV Prevention Strategies in the United States, Division of Health Promotion and Disease Prevention, Institute of Medicine ; Monica S. Ruiz ... [et al.] editors. |
| 260 |
_aWashington, D.C. : _bNational Academy Press, _cc2001. |
||
| 300 |
_axxiii, 227 p. : _bill. |
||
| 504 | _aIncludes bibliographical references and index. | ||
| 533 |
_aElectronic reproduction. _bPalo Alto, Calif. : _cebrary, _d2013. _nAvailable via World Wide Web. _nAccess may be limited to ebrary affiliated libraries. |
||
| 650 | 0 |
_aAIDS (Disease) _zUnited States _xPrevention. |
|
| 655 | 7 |
_aElectronic books. _2local |
|
| 700 | 1 | _aRuiz, Monica S. | |
| 710 | 2 | _aebrary, Inc. | |
| 856 | 4 | 0 |
_uhttp://site.ebrary.com/lib/rucke/Doc?id=10032447 _zAn electronic book accessible through the World Wide Web; click to view |
| 999 |
_c176860 _d176860 |
||